00689nam a22001937a 450000500170000001000140001702000260003103500130005703700130007008200130008310000210009624500690011726000520018627000550023830000200029394200270031399900170034095201380035720100812152921.0 aENG-99938 a9789350011024c110.00 aEN-83470 bDBAD/PUB a621.3815 aRajathi,S911966 aFundamentals of electronic devices and linear IC /cby S Rajathi aPerambalurbMercury Printers & Publishersc2009 aMercury Printers & Publishers bPerambalure621212 a138pc21cm(pbk) 2ddccENh621.3815mSRA c41424d41424 001040718NFICaDBADbDBADd2010-08-12eDBAD/PUBg110.00l0o621.3815 SRApEN-83470r2010-08-12 00:00:00t1v110.00w2010-08-12yEN